000 01123nam a2200277 a 4500
005 20180803165134.0
008 140312b2000 ck gr|||| 00| 0 spa d
040 _aCO-BoIAVH
_cCO-BoIAVH
041 _aspa
044 _ack
082 4 _a333.955
_bM66m
110 2 _aMinisterio del Medio Ambiente
_99265
245 _aManejo y conservación de la fauna silvestre en ecosistemas estratégicos de la región andina oriental, compartidos por CORPOCHIVOR, CAR, CORPOBOYACA y CORPOGUAVIO
260 _aBogotá
_bCORPOCHIVOR, CAR, CORPOBOYACA y CORPOGUAVIO
_c2000
300 _a30 paginas.
_c28 x 21 cm.
650 4 _aParamo Bijagual
_951008
650 4 _aMacizo castillejo
_951009
650 4 _amacizo cayetano
_951010
650 4 _aConservación
_951011
710 _a^aCorporación Autónoma Regional de Chivor^sCORPOCHIVOR
_921114
710 _a^aCorporación Autónoma Regional de Boyacá^sCORPOBOYACA
_921115
710 _a^aCorporación Autónoma Regional del Guavio^sCORPOGUAVIO
_921116
710 _a^aCorporación Autónoma Regional de Cundinamarca^sCAR
_94031
942 _cLIBRO
_2ddc
_02
945 _d2004-07-01
999 _c3952
_d3952